| 000 | 00564nam a2200157 i 4500 | ||
|---|---|---|---|
| 001 | 45252 | ||
| 003 | ES-MaACL | ||
| 005 | 20230906161204.0 | ||
| 007 | t| | ||
| 008 | 030325s1854 sp ||||1| spa d | ||
| 245 | 0 | 0 |
_aCode des paroisses _b: recueil des lois, décrets, ordonnances, avis du conseil d'état et autres documens relatifs à la législation et à la jurisprudence en matières ecclésiastiques. |
| 260 |
_aParis : _b[J. A. Boudon], _c1854. |
||
| 300 |
_aIII, 312 p. ; _c18 cm. |
||
| 650 | 4 |
_aParroquias- _zFrancia. _9165485 |
|
| 852 |
_aES-MaACL _jB-6973 |
||
| 999 |
_c45252 _d45252 |
||